01204namaa22002297i 4500001000700000003000900007005001700016008004100033080001700074100005800091245014800149260013000297300003900427490007900466504004100545650003900586710008200625830008700707852003800794999001900832952012300851174355ES-MaACL20250815105712.0100406s1924 sp | |||| ||spa d a595.792(460)1 aCeballos y Fernández de Córdoba, Gonzalo.914246010aEstudios sobre icneumónidos de España. nI, pSubfamilia Joppinaeb: (tribus Joppini, Amblytelini, Listrodromini) / cpor Gonzalo Ceballos. aMadrid : bJunta de Ampliación de Estudios e Investigaciones Científicas,c1924 (fImp. de la Viuda de López del Horno) a335 p. : bil., gráf. ; c24 cm.1 aTrabajos del Museo Nacional de Ciencias Naturales. Serie Zoológica ;v50 aBibliografía: p. [319]. Índices. 4aIcneumónidos-zEspaña.91424612 aJunta para la Ampliación de Estudios e Investigaciones Científicas.9541300aTrabajos del Museo Nacional de Ciencias Naturales. pSerie zoológicav509189348 aES-MaACLjB-13154(1) z.- Rúst. c174355d174355 00104070aATENEOMbATENEOMcSPBd2010-04-06eSCl0oB-13154(1)p1183011r2023-02-23 00:00:00w2023-02-23yMONOGRAFIA